Asymptotics and Mellin-Barnes integrals

Asymptotics and Mellin-Barnes Integrals provides an account of the use and properties of a type of complex integral representation that arises frequently in the study of special functions typically of interest in classical analysis and mathematical physics. After developing the properties of these i...

全面介紹

Đã lưu trong:
書目詳細資料
主要作者: Paris, R. B.
格式: 圖書
語言:Undetermined
出版: Cambridge,New York Cambridge University Press 2001
主題:
標簽: 添加標簽
沒有標簽, 成為第一個標記此記錄!
Thư viện lưu trữ: Trung tâm Học liệu Trường Đại học Cần Thơ
LEADER 01420nam a2200205Ia 4500
001 CTU_174098
008 210402s9999 xx 000 0 und d
020 |c 197 
082 |a 515.723 
082 |b P232 
100 |a Paris, R. B. 
245 0 |a Asymptotics and Mellin-Barnes integrals 
245 0 |c R.B. Paris, D. Kaminski 
260 |a Cambridge,New York 
260 |b Cambridge University Press 
260 |c 2001 
520 |a Asymptotics and Mellin-Barnes Integrals provides an account of the use and properties of a type of complex integral representation that arises frequently in the study of special functions typically of interest in classical analysis and mathematical physics. After developing the properties of these integrals, their use in determining the asymptotic behaviour of special functions is detailed. Although such integrals have a long history, the book's account includes recent research results in analytic number theory and hyperasymptotics. The book also fills a gap in the literature on asymptotic analysis and special functions by providing a thorough account of the use of Mellin-Barnes integrals that is otherwise not available in other standard references on asymptotics. 
650 |a Mellin transform,Asymptotic expansions,Biến đổi Mellin,Sự mở rộng đường tiệm cận 
904 |i Năm 
980 |a Trung tâm Học liệu Trường Đại học Cần Thơ